Cultural policy /
Bewaard in:
| Hoofdauteurs: | , |
|---|---|
| Formaat: | Onbekend |
| Taal: | Chinese |
| Gepubliceerd in: |
Londres :
Sage,
2002.
|
| Onderwerpen: | |
| Tags: |
Voeg label toe
Geen labels, Wees de eerste die dit record labelt!
|
MARC
| LEADER | 000000000a22000000004500 | ||
|---|---|---|---|
| 001 | 013178 | ||
| 041 | 0 | |a chi | |
| 082 | 0 | 4 | |a 306.097.3 M655c |
| 100 | 1 | |a Miller, Toby | |
| 100 | 1 | |a Yúdice, George | |
| 245 | 1 | 0 | |a Cultural policy / |c Toby Miller, George Yúdice. |
| 260 | 1 | |a Londres : |b Sage, |c 2002. | |
| 300 | |a 416 páginas | ||
| 650 | 4 | |a POLITICA CULTURAL | |
| 650 | 4 | |a ESTADOS UNIDOS | |
| 500 | |a Colección George Yúdice | ||
| 999 | |c 19113 |d 19113 | ||
| 942 | |c BK |h 306.097.3 M655c |2 z | ||
